000 00418nam a2200145Ia 4500
008 230917s9999||||xx |||||||||||||| ||und||
040 _e82841
_aMAIN
041 _aEnglish
082 _a150.954 P192P
100 _aPandey, Janak, ed.
245 0 _aPsychology in India: The state-of-the-art. V22- Basic and applied Social Psychology
260 _aNew Delhi
_bSage Publications
_c1988
300 _a353 p.
942 _cBK
999 _c64376
_d64376